<?xml version="1.0" encoding="UTF-8"?>
<record
    xmlns:xsi="http://www.w3.org/2001/XMLSchema-instance"
    xsi:schemaLocation="http://www.loc.gov/MARC21/slim http://www.loc.gov/standards/marcxml/schema/MARC21slim.xsd"
    xmlns="http://www.loc.gov/MARC21/slim">

  <leader>01039nam a2200229 i 4500</leader>
  <controlfield tag="001">157585</controlfield>
  <controlfield tag="003">ES-MaACL</controlfield>
  <controlfield tag="005">20250904044801.0</controlfield>
  <controlfield tag="008">960320q1888    sp a         |||| | spa d</controlfield>
  <datafield tag="100" ind1="1" ind2=" ">
    <subfield code="a">Lesage, Alain-Ren&#xE9;,</subfield>
    <subfield code="d">1668-1747</subfield>
    <subfield code="9">71822</subfield>
  </datafield>
  <datafield tag="245" ind1="1" ind2="0">
    <subfield code="a">Historia de Gil Blas de Santillana / </subfield>
    <subfield code="c">escrita en franc&#xE9;s por Lesage ; traducida al castellano por el Padre Isla ; anotada por Adolfo de Castro ; pr&#xF3;logo de Manuel Ca&#xF1;ete.</subfield>
  </datafield>
  <datafield tag="260" ind1=" " ind2=" ">
    <subfield code="a">Barcelona : </subfield>
    <subfield code="b">Espasa y Compa&#xF1;&#xED;a, editores, </subfield>
    <subfield code="c">[ca. 1888]</subfield>
  </datafield>
  <datafield tag="300" ind1=" " ind2=" ">
    <subfield code="a">2 v. : </subfield>
    <subfield code="b">il. ; </subfield>
    <subfield code="c">37 cm.</subfield>
  </datafield>
  <datafield tag="596" ind1=" " ind2=" ">
    <subfield code="a">Palau, IV, 136402 fecha esta ed. en 1888.</subfield>
  </datafield>
  <datafield tag="597" ind1=" " ind2=" ">
    <subfield code="a">Vol. I (2 h., XLIII, 599 p., 13 h. de lam.) - vol. II (542 [i.e. 642] p., 16 h. de l&#xE1;m.)</subfield>
  </datafield>
  <datafield tag="597" ind1=" " ind2=" ">
    <subfield code="a">Error de pag. en el t. II: en &#xFA;ltima pag. consta 542 en vez de 642.</subfield>
  </datafield>
  <datafield tag="700" ind1="1" ind2=" ">
    <subfield code="a">Isla, Jos&#xE9; Francisco de.</subfield>
    <subfield code="9">65573</subfield>
  </datafield>
  <datafield tag="700" ind1="1" ind2=" ">
    <subfield code="a">Castro, Adolfo de,</subfield>
    <subfield code="d">1823-1898</subfield>
    <subfield code="9">36824</subfield>
  </datafield>
  <datafield tag="700" ind1="1" ind2=" ">
    <subfield code="a">Ca&#xF1;ete, Manuel,</subfield>
    <subfield code="d">1822-1891</subfield>
    <subfield code="9">34750</subfield>
  </datafield>
  <datafield tag="852" ind1=" " ind2=" ">
    <subfield code="a">ES-MaACL</subfield>
    <subfield code="j">B-79-80 </subfield>
    <subfield code="z">- Enc. pasta espa&#xF1;ola</subfield>
  </datafield>
  <datafield tag="999" ind1=" " ind2=" ">
    <subfield code="c">157585</subfield>
    <subfield code="d">157585</subfield>
  </datafield>
  <datafield tag="952" ind1=" " ind2=" ">
    <subfield code="0">0</subfield>
    <subfield code="1">0</subfield>
    <subfield code="4">0</subfield>
    <subfield code="7">0</subfield>
    <subfield code="8">LIBXIX</subfield>
    <subfield code="a">ATENEOM</subfield>
    <subfield code="b">ATENEOM</subfield>
    <subfield code="c">SPB</subfield>
    <subfield code="d">2008-01-17</subfield>
    <subfield code="e">SSC</subfield>
    <subfield code="l">0</subfield>
    <subfield code="o">B-79-80</subfield>
    <subfield code="p">1164908</subfield>
    <subfield code="r">2023-02-23 00:00:00</subfield>
    <subfield code="w">2023-02-23</subfield>
    <subfield code="y">MONANT</subfield>
  </datafield>
</record>
